000
00335nam a22001457a 4500
008
230127b ||||| |||| 00| 0 eng d
020
_a
9780132747738
041
_a
eng
080
_2
TENTH EDITION
_a
612.3
082
_a
612.3McW
100
_a
16
101
_a
NUTRI
245
_a
FOOD FUNADAMENTALS
_c
McWILLIAMS M
942
_2
udc
_c
BK
999
_c
59286
_d
59286